000 00595nab a2200241 a 4500
001 53841
003 124440
005 20201118102939.0
008 ||||||n9999 ||| || ||
041 _aspa
100 _aCarrasquilla, Alberto
245 0 _aQue dice el mercado :
_bpp.54-55
260 _aBogotá :
_bPDINE,
_c1996.
562 _e0
650 _aBALANZA DE PAGOS
650 _aCOLOMBIA
650 _aFINANCIAMIENTO
650 _aINVERSIONES EXTRANJERAS
650 _aMERCADO DE CAPITALES
650 _aOPERACIONES DE CAPITAL
773 _096349
_aDinero
942 _cSART
999 _c53841
_d53841